[Event "Costa Atlantica Univ Magdalena"]
[Site "Santa Marta"]
[Date "2013.09.02"]
[Round "3.10"]
[White "Nunez Hurtado, Oscar Fidel"]
[Black "Ruiz Bolanos, Adrian Nicolas"]
[Result "1-0"]
[WhiteElo "1631"]
[BlackElo "1539"]
[PlyCount "50"]
[EventDate "2013.09.02"]
[EventType "swiss"]
[EventRounds "6"]
[EventCountry "COL"]
[SourceTitle "EXT 2024"]
[Source "ChessBase"]
[SourceDate "2023.10.10"]
[SourceVersion "1"]
[SourceVersionDate "2023.10.10"]
[SourceQuality "1"]

1. e4 e5 2. Bc4 Nf6 3. d3 Nc6 4. a3 Be7 5. Ne2 d5 6. exd5 Nxd5 7. 0-0 Bg4 8. h3 Bh5 9. Bxd5 Bxe2 10. Bxc6+ bxc6 11. Qxe2 Bf6 12. Nc3 0-0 13. Qf3 Qd7 14. Bh6 Be7 15. Qg3 Bf6 16. Ne4 Qe6 17. f4 Kh8 18. f5 Qe7 19. Nxf6 Qxf6 20. Bg5 Qd6 21. f6 g6 22. Kh1 Rab8 23. b4 Rbd8 24. Be3 a6 25. Bc5 Qxc5 1-0